Statistics for Bands with Colors in their Name

Click here to take the quiz!

General Stats

  • This quiz has been taken 27,473 times
    (2,556 since last reset)
  • The average score is 8 of 18

Answer Stats

SongBand% Correct
Paranoid / Iron ManBlack Sabbath
80%
Moves Like Jagger / SugarMaroon 5
77%
My Humps / Pump ItBlack Eyed Peas
76%
Smoke on the Water / Soldier of FortuneDeep Purple
70%
Wish You Were Here / MoneyPink Floyd
70%
Jesus of Suburbia / 21 GunsGreen Day
68%
Heart of Glass / One Way or AnotherBlondie
63%
Give it Away / The Zephyr SongRed Hot Chili Peppers
60%
(Don't Fear) The Reaper / GodzillaBlue Öyster Cult
58%
Fell in Love with a Girl / Icky ThumpThe White Stripes
47%
Here I Go Again / Fool for Your LovingWhitesnake
45%
Hey There Delilah / 1, 2, 3, 4Plain White T's
43%
Lonely Boy / Howlin' for You
Black Keys
28%
21st Century Schizoid Man / I Talk to the WindKing Crimson
19%
Run-Around / HookBlues Traveler
13%
Once Bitten, Twice ShyGreat White
12%
Tomorrow / Abuse MeSilverchair
8%
Shut Down / Typa GirlBlackpink
6%

Score Distribution

Percentile by Number Answered

Percent of People with Each Score

Your Score History

You have not taken this quiz since the last reset